000 01684cam a22004694i 4500
003 PE-LiUPU
005 20250731173458.0
008 150616s r 000 0 d
020 _a0801035554
035 _a(Sirsi) i9780801035555
040 _aPE-LiUPU
_bspa
_cPE-LiUPU
_erda
049 _aPRUA
082 0 4 _a291.042
_bF54
_221
100 1 _aFinegan, Jack,
_eautor.
245 1 0 _aMyth & Mystery; An introduction to the pagan religions of the biblical world.
264 1 _aGrand Rapids, Michigan :
_bBaker Book House,
_c1989.
300 _a335 páginas :
_bIlustraciones ;
_c24 centímetros
336 _atext
_2rdacontent
337 _aunmediated
_2rdamedia
338 _avolume
_2rdacarrier
504 _aIncluye bibliografía.
505 0 _aMesopotamian religion -- Egyptian religion -- Zoroastrian -- Canaanite religion -- Greek religion -- Roman religion -- Gnostic religion -- Madaean religion -- Manichaean religion.
526 _aSEG42
526 _aSEG41
526 _aSEG40
526 _aSEG39
526 _aP94
526 _aP87
526 _aP86
526 _aP85
526 _aP77
526 _aP76
526 _aP35
650 0 4 _aRELIGIONES PRIMITIVA.
910 _ajck
_bjvq
_cjck
942 _2ddc
_cBOOK
949 _a291.042 F54
_wDEWEY
_c1
_i40161
_lCCODEBUL1
_mBUL
_r0
_sY
_tBOOK
_u2015-6-16
_xTEOLOGIA
_zUNKNOWN
_0COMPRA
_o.STAFF. Colección General
994 _aC0
_bPEPRU
596 _a1
999 _a291.042 F54
_wDEWEY
_c57953
_i40161
_f2021-11-11
_g5
_lCCODEBUL1
_mBUL
_r0
_sY
_tBOOK
_u2015-6-16
_xTEOLOGIA
_zUNKNOWN
_0COMPRA
_o.STAFF. Colección General
_d57953
980 _81
_gALBERTO SANCHEZ Responsable de Automatización